Normal view
MARC view
- Chapman, William Arthur James. [from old catalog]
Entry Personal Name
001 - CONTROL NUMBER
- control field: 39459
003 - CONTROL NUMBER IDENTIFIER
- control field: NUST
005 - DATE AND TIME OF LATEST TRANSACTION
- control field: 20210314131442.0
008 - FIXED-LENGTH DATA ELEMENTS
- fixed length control field: 210314|| aca||aabn | a|a d
040 ## - CATALOGING SOURCE
- Original cataloging agency: NUST
- Transcribing agency: NUST
100 ## - HEADING--PERSONAL NAME
- Personal name: Chapman, William Arthur James. [from old catalog]
670 ## - SOURCE DATA FOUND
- Source citation: Work cat.: (NUST): Chapman, William Arthur James. [from old catalog], Senior workshop calculations., [1954]
